AP Brainrot [2023] - Statistics

General Stats
  • This quiz has been taken 230 times
  • The average score is 20 of 50
Answer Stats
Hint Answer % Correct
Weirdest US state Ohio
99%
Boy who rizzed up Livvy Dunne Baby Gronk
87%
One, two, ______ __ ____ Buckle my shoe
86%
Sticking out your _____ ___ ___ _______ Gyatt for the rizzler
86%
What you scream when you see Ice Spice Gyatt
82%
Hold up, let him ____ Cook
74%
Purple shake sold in McDonald's Grimace shake
74%
Jawline fixing technique Mewing
74%
"Never back down, never what?" "Never give up!"
71%
To steal a percentage of one's food Fanum tax
70%
Fire in the ____ Hole
70%
Streamer who's widely known for his love for Ronaldo iShowSpeed
65%
Appealing charm Rizz
60%
Stopping before you finish Edging
58%
Guy who said "Never back down, never give up" Nick Eh 30
54%
Kumalala and _______ Savesta
53%
Main enemy of Skibidi Toilet Cameraman
49%
To maximize one's appearance Looksmaxxing
48%
I woke up in a ___ _______ New Bugatti
48%
I am a _____, Dr. Han! I am a _______! Surgeon
46%
What is love? ____ ____ ____ __ Baby don't hurt me
44%
A song from The Lorax: How ___ can I be? Bad
43%
Guy who said "There's nothing we can do" Napoleon
43%
A successfully independent individual Sigma
42%
What Drake said after showing his cap Anita Max Wynn
38%
_____? I was _____ once Crazy
37%
Singer known for "ruining memes" CG5
30%
Creepypasta consisting of indefinitely many levels The Backrooms
29%
Alternative for "bro", originating from Jamaica Blud
27%
Don Pollo is also known as... King of Ohio
27%
Sigma meals, _______ _______! Skibidi slicers
27%
Guy who sang "I've Been in the Hills" Joe Bartolozzi
23%
I put the new ______ __ ___ ____ Forgis on the Jeep
22%
The song paired with the smurf cat The Spectre
22%
Animated web series by Gooseworx and Glitch The Amazing Digital Circus
20%
Artist paired with the "Whistle" song Josh Hutcherson
19%
What was Richard doing in the corner? Playing his recorder
19%
Name of the PNGs chasing players in Garry's Mod Nextbot
18%
A calm, simple fit Luh calm fit
17%
Zawg's friend Schlawg
16%
Welcome to your final test, I'm _______ MrBeast
12%
I need more _______ Bullets
10%
Roblox game inspired from chasing PNGs Evade
10%
Jelly House's first brainrot song Rizzler
9%
What green screen man was doing Walking
9%
Black pencil, green pencil, ___ ______ pencil Big banana
8%
Level 5 _____ ____ Gyatt rizz
7%
Day thought to be "the heat death of the universe" August 12, 2036
5%
Guy who owns the "Pluh" producer tag BeatPluggz
3%
Controlled used in the titanic submarine Logitech G-F710
2%
No matching quizzes found
Score Distribution
Percent of People with Each Score
Percentile by Number Answered
Your Score History
You have not taken this quiz